LEADER 00533naa a2200145 i 4500 001 000000309232 003 CaOOAMICUS 005 20180831172950.0 008 180831n it u000 u ita u 013 $a18318 040 $aSeMil$bita 100 1 $aAmaldi, Ugo,$d<1934- >.$0(OLS)http://semarc/name/11427 245 10$aRazionalità e ragionevolezza. 773 0 $tRagione, le scienze e il futuro delle civiltà.$dBologna : EDB, 2008.$z978-88-10-14040-6$gp.123-128$w()172635 996 $6245$aRazionalità e ragionevolezza$9(OLS)http://semarc/title/384315 LEADER 00876nab a2200181 i 4500 001 000000289250 003 CaOOAMICUS 005 20160715000000.0 008 160715n xx uu u0 0und r 013 $a43850 040 $aSeMil$bita 100 0 $aAutori Vari.$0(OLS)http://semarc/name/4368 245 10$aGraduale Semplice :$bVolume 9. : Comune dei Santi. - 39 p. - Num. 5365 delle Ed. Carrara. - In copertina : Parti gregoriane del Commune Sanctorum. 500 $aNovembre-Dicembre 2014. 700 1 $aSessantini, Gilberto.$0(OLS)http://semarc/name/13810 700 1 $aVessia, Gian Nicola.$0(OLS)http://semarc/name/26794 773 0 $t[2014].$dBergamo : Ed. Carrara, copyr. 2014.$w()230323 996 $6245$aGraduale Semplice :$bVolume 9. : Comune dei Santi. - 39 p. - Num. 5365 delle Ed. Carrara. - In copertina : Parti gregoriane del Commune Sanctorum.$9(OLS)http://semarc/title/368551